Diccionario enciclopédico éxito / (Record no. 6335)

000 -CABECERA
fixed length control field 00722nam a22002057a 4500
003 - IDENTIFICADOR DEL NÚMERO DE CONTROL
control field AR-CdUCM
008 - DATOS DE LONGITUD FIJA--INFORMACIÓN GENERAL
fixed length control field 190314b ||||| |||| 00| 0 spa d
020 ## - NÚMERO INTERNACIONAL ESTÁNDAR DEL LIBRO
ISBN 84-7069-236-4
040 ## - FUENTE DE LA CATALOGACIÓN
Agencia/entidad que catalogó originalmente la obra MUNICIPALIDAD PROVINCIAL DEL CUSCO
Entidad que transcribió la catalogación BIBLIOTECA MUNICIPAL DEL CUSCO
082 ## - NÚMERO DE LA CLASIFICACIÓN DECIMAL DEWEY
No. de Clasificación 036 /
Notacion interna OC28
110 ## - ENTRADA PRINCIPAL--NOMBRE DE ENTIDAD CORPORATIVA
Nombre de la institución, jurisdicción como entrada principal Oceano
9 (RLIN) 18116
245 ## - MENCIÓN DE TÍTULO
Título Diccionario enciclopédico éxito /
260 ## - PUBLICACIÓN, DISTRIBUCIÓN, ETC.
Lugar de publicación, distribución, etc. España :
Nombre de la editorial, distribuidor, etc. Oceano,
Fecha de publicación, distribución, etc. 1983.
300 ## - DESCRIPCIÓN FÍSICA
Nº de Páginas Extensión 5 tomos ;
Otros detalles físicos ilustraciones ;
Dimensiones 25 cm.
505 ## - NOTA DE CONTENIDO CON FORMATO
Nota de contenido formateada Contenido : t.1: A-Contemorizar -- t.2: Contenau-Guanahani -- t.3: Guanajada-Oidio -- t.4: Oido-Tapiscar -- t.5: Tapiz-Zworiking. Apéndice.
650 ## - PUNTO DE ACCESO ADICIONAL DE MATERIA--TÉRMINO DE MATERIA
Descriptor Enciclopedias
9 (RLIN) 6681
650 ## - PUNTO DE ACCESO ADICIONAL DE MATERIA--TÉRMINO DE MATERIA
Descriptor Diccionarios
9 (RLIN) 5105
942 ## - ELEMENTOS DE PUNTO DE ACCESO ADICIONAL (KOHA)
Fuente de clasificación
Tipo de item Libros-BMC
945 ## - PROCESAMIENTO DE INFORMACIÓN LOCAL (OCLC)
Catalogador zta
Holdings
Estado de retiro (separado) Fuente de clasificación o esquema de estanterías Estado dañado Ubicación Sala donde se ubica Nombre de la colección Fecha de adquisición o compra Costo, precio normal en soles Signatura topográfica Código de Barras Última vez visto (Koha) Tipo de ítem (Koha)
No     Sala Humanidades Sala Humanidades Book Cart 2019-03-14 40.00 030 / OC28 / 1983 / t.1 SH0000006991 2019-03-14 Libros-BMC
No     Sala Humanidades Sala Humanidades Book Cart 2019-03-14 40.00 030 / OC28 / 1983 / t.2 SH0000006992 2019-03-14 Libros-BMC
No     Sala Humanidades Sala Humanidades Book Cart 2019-03-14 40.00 030 / OC28 / 1983 / t.3 SH0000006993 2019-03-14 Libros-BMC
No     Sala Humanidades Sala Humanidades Book Cart 2019-03-14 40.00 030 / OC28 / 1983 / t.4 SH0000006994 2019-03-14 Libros-BMC
No     Sala Humanidades Sala Humanidades Book Cart 2019-03-14 40.00 030 / OC28 / 1983 / t.5 SH0000006995 2019-03-14 Libros-BMC

Powered by Koha